LEADER 01236nam a2200289 u 4500 001 000000064836 003 CaOOAMICUS 005 20070226121411.0 008 011126s1928 fr u000 u fre u 035 $a10911446 040 $aPUL(R)$bita 100 1 $aArchambault, Paul.$0(OLS)http://pul/name/43778 245 12$aL'oeuvre philosophique de Maurice Blondel :$bvers un réalisme intégral /$cPaul Archambault ; supplément: P. Archambaut ... [et al.]. 260 $aParis :$bBloud,$c1928. 300 $a247 p. ;$c22 cm 490 1 $aCahiers de la nouvelle journée ;$v12 500 $aIl compl. del tit. precede il tit. 504 $aBibliografia in nota. 600 14$aBlondel, Maurice,$d1861-1949.$0(OLS)http://pul/subject/7908 700 1 $aArchambault, Paul.$0(OLS)http://pul/name/43778 830 0$aCahiers de la nouvelle journée ;$v12.$0(OLS)http://pul/title/14094 850 $aPUL 852 $aPUL$W1$xDP2 Filosofia 1$y62$m90 C 21$j83995$nBK-PRI$b $qStampati$B83995$CPULBib$Z2$F83995 $81 941 1 $a8 961 $aINV: 14270 996 $6245$aL'oeuvre philosophique de Maurice Blondel :$bvers un réalisme intégral$9(OLS)http://pul/title/86350 996 $6260$aParis :$bBloud$9(OLS)http://pul/publisher/52401 LEADER 00976nam a2200265 u 4500 001 000000072972 003 CaOOAMICUS 005 20070226122311.0 008 020625s1975 gw u000 u ger u 020 $a3857400439 035 $a10934707 040 $aPUL(R)$bita 100 1 $aImfeld, Al.$0(OLS)http://pul/name/48310 245 10$aChina als Entwicklungsmodell /$cAl Imfeld. 260 $aFreiburg :$bImba Verlag,$c1975. 300 $a134 p. ;$c20 cm 500 $aContiene indice. 651 4$aCina$xStoria.$0(OLS)http://pul/subject/19204 850 $aPUL 852 $aPUL$W1$xDP1 Cons. Gen., Altre Classi 1$y22$m842 A 106$j94354$nBK-PRI$b $qStampati$B94354$CPULBib$Z2$F94354 $H $81 941 1 $a8 961 $aINV: 63953 996 $6020$a3857400439$9(OLS)http://pul/number/94165 996 $6245$aChina als Entwicklungsmodell$9(OLS)http://pul/title/95973 996 $6260$aFreiburg :$bImba Verlag$9(OLS)http://pul/publisher/74189